Międzymiasta - Statystyki

Ogólne statystyki
  • Ten quiz został rozwiązany 13 razy
  • Średni wynik to 4 z 6
Statystyki odpowiedzi
Województwo Populacja Miasto % Poprawnych
Lubuskie 16 924 Międzyrzecz
100%
Zachodniopomorskie 4 928 Międzyzdroje
69%
Wielkopolskie 10 033 Międzychód
62%
Lubelskie 15 529 Międzyrzec Podlaski
62%
Dolnośląskie 2 397 Międzylesie
38%
Dolnośląskie 2 331 Międzybórz
31%
Nie znaleziono quizów pasujących do podanych kryteriów
Rozkład punktacji
Procent ludzi z każdym wynikiem
Percentyl według liczby udzielonych odpowiedzi
Twoja historia wyników
Nie rozwiązałeś tego quizu